Geomechanics abstracts.
Saved in:
| New Title: | International journal of rock mechanics and mining sciences & geomachnics abstracts International journal of rock mechanics and mining sciences |
|---|---|
| Previous Title: | Rock mechanics abstracts |
| Corporate Author: | |
| Format: | Journal |
| Language: | English |
| Published: |
Oxford, :
Pergamon Press.
|
| Subjects: |
| LEADER | 01818cas a2200385 a 4500 | ||
|---|---|---|---|
| 001 | c000213047 | ||
| 003 | CARM | ||
| 005 | 20060131111928.0 | ||
| 008 | 770311d19731973enkbr p a 0 0eng u | ||
| 010 | |a sn 91011211 | ||
| 019 | 1 | |a 5555174 |5 LACONCORD2021 | |
| 030 | |a GMASB3 | ||
| 035 | |a (OCoLC)1771451 |5 LACONCORD2021 | ||
| 040 | |a LC |b eng |c LC |d LC | ||
| 245 | 0 | 0 | |a Geomechanics abstracts. |
| 246 | 3 | 4 | |a Geomechanics abstracts & international journal of rock mechanics and mining sciences |
| 260 | |a Oxford, : |b Pergamon Press. | ||
| 300 | |a 1 v. ; |c 29 cm. | ||
| 310 | |a Bimonthly | ||
| 362 | 0 | |a V. 4; 1973. | |
| 510 | 2 | |a GeoRef, |x 0197-7482 | |
| 550 | |a Compiled by Rock Mechanics Information Service, Imperial College of Science and Technology. | ||
| 580 | |a Merged with: International journal of rock mechanics and mining sciences, ISSN 0020-7624, to form: International journal of rock mechanics and mining sciences & geomachnics abstracts, ISSN 0148-9062. | ||
| 650 | 0 | |a Rock mechanics |v Periodicals. | |
| 650 | 0 | |a Mining engineering |v Periodicals. | |
| 650 | 0 | |a Soil mechanics |v Periodicals. | |
| 710 | 1 | |a London. |b University. |b Imperial College of Science and Technology. |b Rock Mechanics Information Center. | |
| 780 | 0 | 0 | |t Rock mechanics abstracts |w (OCoLC)1764444 |
| 785 | 1 | 7 | |t International journal of rock mechanics and mining sciences & geomachnics abstracts |x 0148-9062 |w (DLC) 79642830 |w (OCoLC)2139425 |
| 785 | 1 | 7 | |t International journal of rock mechanics and mining sciences |x 0020-7624 |w (OCoLC)1753590 |
| 852 | 8 | |b CARM |h A2:AR09F0 |i D09083 |p 0267836 |f SE | |
| 866 | 0 | |a 4(1973) | |
| 866 | 0 | |a 4(1973) | |
| 999 | f | f | |i 647a98e4-c8f8-5e82-bfe9-18cd2adeebee |s a832ac8f-6c41-5008-b9a4-030fa1d90965 |
| 952 | f | f | |p Can circulate |a CAVAL |b CAVAL |c CAVAL |d CARM 1 Store |e D09083 |f A2:AR09F0 |h Other scheme |i book |k 4(1973) |m 0267836 |